000 00760cam a2200229 4500
001 B1636
008 090401t1978 xxu||||| |||| 00| 0 eng d
035 _a(Sirsi) u45539
041 _aeng
050 _a333.33709421
110 _aLeslie Lintott and Associates
_92342
245 _aSurvey (of) Greater West end area air conditioned office accommodation. - 1st October 1978 - 1st November 1978
260 _aLondon
_bLeslie Lintott and Associates
_c1978
300 _a2v. ; 33cm.
350 _a24.5
650 _aBUILT ENVIRONMENT-BUILDING ELEMENTS-COMPLETE BUILDING SERVICES ELEMENTS-COMPLETE HEATING, VENTILATION AND AIR CONDITIONING SYSTEMS
650 _aFLOORSPACE
650 _aLONDON
650 _aOFFICES
942 _n0
948 _c04/03/1997
999 _c91755
_d91755